| 000 | 00712cam a2200229 a 4500 | ||
|---|---|---|---|
| 001 | 000018414 | ||
| 005 | 20200929165511.0 | ||
| 008 | 750929s1975 xxc 000 1 fre d | ||
| 020 | _a0776139126 | ||
| 040 |
_aDO-SdBNP _bfre _cLC _dBNPHU |
||
| 050 | 0 | 0 |
_aPQ3949.2.C36 _bD2 |
| 082 |
_ann* _bC263u |
||
| 100 | 1 |
_aCarbet, Marie Magdeleine. _939872 |
|
| 245 | 1 | 0 |
_aD'une rive à l'autre : _broman martiniquais / _cMarie-Magdeleine Carbet ; prólogo Robert Cornevin. |
| 260 |
_a[Montréal] : _bLeméac, _c1975. |
||
| 300 |
_a178 p. ; _c20 cm. |
||
| 490 | 1 | _aDans la Même | |
| 700 | 1 |
_aCornevin, Robert, _epról. _939873 |
|
| 830 | 0 |
_aDans la Même _939874 |
|
| 910 | _aCatalogación derivada / LC | ||
| 049 | _aBNGR | ||
| 999 |
_c17935 _d17935 |
||